000 01616cam a22004694i 4500
003 PE-LiUPU
005 20250731173523.0
008 150616s r 000 0 d
020 _a0801099404
035 _a(Sirsi) i9780801099403
040 _aPE-LiUPU
_bspa
_cPE-LiUPU
_erda
049 _aPRUA
082 0 4 _a232.904
_bZ89
_221
100 1 _aZuck, Roy B.,
_eautor.
245 1 0 _aTeaching as Jesus Taught /
_cRoy B. Zuck.
264 1 _aMichigan :
_bBaker Books,
_c1995.
300 _a361 páginas ;
_c23 centímetros
336 _atext
_2rdacontent
337 _aunmediated
_2rdamedia
338 _avolume
_2rdacarrier
504 _aIncluye bibliografía.
505 0 _aIs it possible to teach as Jesus taught?.- How was Jesus recognized as a teacher?.- What qualities marked Jesus.- Where Jesus' teaching goals limited to knowing the truth?.
526 _aSEG42
526 _aSEG41
526 _aSEG40
526 _aSEG39
526 _aP94
526 _aP87
526 _aP86
526 _aP85
526 _aP77
526 _aP76
526 _aP35
600 1 _aJesucristo
_xMétodos de enseñanza
910 _ajck
_bjvq
_cjck
942 _2ddc
_cBOOK
949 _a232.904 Z89
_wDEWEY
_c1
_i42133
_lCCODEBUL1
_mBUL
_r0
_sY
_tBOOK
_u2015-6-16
_xTEOLOGIA
_zUNKNOWN
_0COMPRA
_o.STAFF. Colección General
994 _aC0
_bPEPRU
596 _a1
999 _a232.904 Z89
_wDEWEY
_c59827
_i42133
_f2021-11-10
_g5
_lCCODEBUL1
_mBUL
_r0
_sY
_tBOOK
_u2015-6-16
_xTEOLOGIA
_zUNKNOWN
_0COMPRA
_o.STAFF. Colección General
_d59827
980 _81
_gALBERTO SANCHEZ Responsable de Automatización